|
|
|
|
| LEADER |
00000nam a22000007a 4500 |
| 005 |
20130405153153.0 |
| 007 |
cr|||| |||| |
| 008 |
130405e2011 mx |||||s|||| 00||0 spa d |
| 020 |
|
|
|a 978-607-406-290-8
|
| 035 |
|
|
|a 11019
|
| 040 |
|
|
|a vLex
|
| 090 |
|
|
|c 4149
|d 4149
|
| 100 |
1 |
0 |
|a Domn̕guez Orozco, Jaime
|
| 245 |
1 |
0 |
|a Sociedades y Asociaciones Civiles 2011
|c / Jaime Domn̕guez Orozco, Cuauhtm̌oc Resňdiz Nn︢ez
|h [Recurso electrn̤ico]
|
| 256 |
|
|
|a Servicio en ln̕ea
|
| 260 |
|
|
|a Mx̌ico D.F. :
|b Ediciones Fiscales ISEF,
|c 2011
|
| 300 |
|
|
|a 1 Recurso electrn̤ico
|
| 506 |
|
|
|a Contenido solo disponible en los productos indicados
|
| 650 |
0 |
4 |
|a Asociaciones, instituciones, etc.
|z Mx̌ico
|
| 700 |
1 |
0 |
|a Resňdiz Nn︢ez, Cuauhtm̌oc
|
| 740 |
|
|
|a vLex Libros (Servicio en ln̕ea)
|
| 856 |
|
|
|a Acceso restringido
|u http://www.vlex.com/source/11019
|
| 942 |
|
|
|c BOOK
|
| 999 |
|
0 |
|a Associations, institutions, etc.
|